Top 10 Languages Spoken in Europe - Statistics

General Stats
  • This quiz has been taken 216,393 times
  • The average score is 8 of 10
Answer Stats
Native Speakers Language % Correct
63 mil English
99%
81 mil French
98%
97 mil German
97%
47 mil Spanish
97%
106 mil Russian
95%
65 mil Italian
93%
39 mil Polish
81%
22 mil Dutch
71%
24 mil Romanian
60%
33 mil Ukrainian
52%
No matching quizzes found
Score Distribution
Percent of People with Each Score
Percentile by Number Answered
Your Score History
You have not taken this quiz